| 000 | 00599nam a22002177a 4500 | ||
|---|---|---|---|
| 003 | OSt | ||
| 005 | 20160420142227.0 | ||
| 008 | 160420b xxu||||| |||| 00| 0 eng d | ||
| 020 | _a9780781795760 | ||
| 040 | _cDNLM | ||
| 082 | _aWY100 W975n 2010 | ||
| 100 |
_aWeber, Janet R. _98132 |
||
| 245 | _aNurses' handbook of Health Assessment | ||
| 250 | _a7th ed. | ||
| 260 | _aPhiladelphia; Wolters Kluwer, 2010 | ||
| 300 | _aix,752p; col.ill: 19cm | ||
| 504 | _aAppendix, references, & index included | ||
| 650 |
_aHealth assessment _98133 |
||
| 650 |
_aNursing guide _98134 |
||
| 942 |
_2z _cO_SHELF |
||
| 999 |
_c3654 _d3654 |
||